Zubay's principles of biochemistry (Record no. 395220)
[ view plain ]
| 000 -LEADER | |
|---|---|
| fixed length control field | 00553 a2200217 4500 |
| 005 - DATE & TIME | |
| control field | 20260417141602.0 |
| 008 - FIXED-LENGTH DATA ELEMENTS--GENERAL INFORMATION | |
| fixed length control field | 260316b |||||||| |||| 00| 0 eng d |
| 020 ## - ISBN | |
| International Standard Book Number | 9789363637078 |
| Price | Rs. 1995.00 |
| 040 ## - CATALOGING SOURCE | |
| Original cataloging agency | VIVEKANANDA LIBRARY |
| 082 ## - DDC NUMBER | |
| Classification number | 574.192 |
| Book Number | C361Z(6) |
| 100 ## - MAIN ENTRY--PERSONAL NAME | |
| Personal name | Chandra, Harish |
| 245 ## - TITLE STATEMENT | |
| Title | Zubay's principles of biochemistry |
| 250 ## - EDITION STATEMENT | |
| Edition statement | 6th |
| 260 ## - PUBLICATION, DISTRIBUTION, ETC. (IMPRINT) | |
| Date of publication, distribution, etc | 2026 |
| Place of publication, distribution, etc | New Delhi |
| Name of publisher, distributor, etc | MedTeach Science Press |
| 300 ## - PHYSICAL DESCRIPTION | |
| Pages | xxv, 696 |
| 650 ## - Subject | |
| Subject | Biochemistry |
| 650 ## - Subject | |
| Subject | Enzymes |
| 651 ## - SUBJECT ADDED ENTRY--GEOGRAPHIC NAME | |
| Geographic name | Genetics |
| 700 ## - Added Entry Personal Name | |
| Added Entry Personal Name | Pant, Hem Chandra |
| 942 ## - ADDED ENTRY ELEMENTS (KOHA) | |
| Koha item type | Books |
| Withdrawn status | Lost status | Source of classification or shelving scheme | Damaged status | Not for loan | Location (home branch) | Sublocation or collection (holding branch) | Shelving location | Date acquired | Koha issues (times borrowed) | Koha full call number | Accession No. | Koha date last seen | Koha item type |
|---|---|---|---|---|---|---|---|---|---|---|---|---|---|
| Dewey Decimal Classification | VIVEKANANDA LIBRARY | VIVEKANANDA LIBRARY | Vivekananda Library | 22/01/2026 | 574.192 C361Z(6) | 444540 | 22/01/2026 | Books | |||||
| Dewey Decimal Classification | VIVEKANANDA LIBRARY | VIVEKANANDA LIBRARY | Vivekananda Library | 17/02/2026 | 574.192 C361Z(6) | 438324 | 17/02/2026 | Books |
